Digital principles and computer organization / (Record no. 95202)

000 -LEADER
fixed length control field 00819nam a22002657a 4500
005 - DATE AND TIME OF LATEST TRANSACTION
control field 20260417163452.0
008 - FIXED-LENGTH DATA ELEMENTS--GENERAL INFORMATION
fixed length control field 260407b ||||| |||| 00| 0 eng d
020 ## - INTERNATIONAL STANDARD BOOK NUMBER
International Standard Book Number 9789348385284
041 ## - LANGUAGE CODE
Language code of text/sound track or separate title eng
082 00 - DEWEY DECIMAL CLASSIFICATION NUMBER
Edition number 23
Classification number 621.38195835
100 1# - MAIN ENTRY--PERSONAL NAME
Preferred name for the person Kani, A Nagoor,
Relator term author.
245 10 - TITLE STATEMENT
Title Digital principles and computer organization /
Statement of responsibility, etc A Nagoor Kani.
250 ## - EDITION STATEMENT
Edition statement First edition
264 #1 - PUBLICATION, DISTRIBUTION, ETC. (IMPRINT)
Place of publication, distribution, etc New Delhi :
Name of publisher, distributor, etc CBS Publishers & Distributors,
Date of publication, distribution, etc [2025]
264 #4 - PUBLICATION, DISTRIBUTION, ETC. (IMPRINT)
Date of publication, distribution, etc ©2025.
300 ## - PHYSICAL DESCRIPTION
Extent xix, I.4 pages :
Other physical details illustrations ;
Dimensions 24 cm
336 ## - CONTENT TYPE
Source rdacontent
Content type term text
Content type code txt
337 ## - MEDIA TYPE
Source rdamedia
Media type term unmediated
Media type code n
338 ## - CARRIER TYPE
Source rdacarrier
Carrier type term volume
Carrier type code nc
500 ## - GENERAL NOTE
General note Includes index.
650 #0 - SUBJECT ADDED ENTRY--TOPICAL TERM
Topical term or geographic name as entry element Electronic digital computers
General subdivision Circuits.
650 #0 - SUBJECT ADDED ENTRY--TOPICAL TERM
Topical term or geographic name as entry element Computer organization.
651 #0 - SUBJECT ADDED ENTRY--GEOGRAPHIC NAME
Geographic name Logic circuits.
942 ## - ADDED ENTRY ELEMENTS
Source of classification or shelving scheme
Item type BOOK
Holdings
Withdrawn status Lost status Source of classification or shelving scheme Damaged status Not for loan Permanent Location Current Location Shelving location Date acquired Source of acquisition Cost, normal purchase price Inventory number Full call number Barcode Date last seen Price effective from Item type
          COLLEGE LIBRARY COLLEGE LIBRARY SUBJECT REFERENCE 2026-02-13 ALBASA 2593.00 55830 621.38195835 K132 2025 CITU-CL-55830 2026-04-07 2026-04-07 BOOK